Consideraciones sobre la constitucionalidad del art. 56 bis de la Ley de Ejecución de Penas Privativas de la Libertad / (Registro nro. 5545)
[ vista simple ]
| 000 -LEADER | |
|---|---|
| fixed length control field | 01395nab a22002537a 4500 |
| 003 - CONTROL NUMBER IDENTIFIER | |
| control field | OSt |
| 005 - DATE AND TIME OF LATEST TRANSACTION | |
| control field | 20251215154313.0 |
| 008 - FIXED-LENGTH DATA ELEMENTS--GENERAL INFORMATION | |
| fixed length control field | 190429b xxu||||| |||| 00| 0 spa d |
| 040 ## - CATALOGING SOURCE | |
| Transcribing agency | PJ |
| 100 ## - MAIN ENTRY--PERSONAL NAME | |
| 9 (RLIN) | 4726 |
| Personal name | Gorra, Daniel Gustavo |
| 245 13 - TITLE STATEMENT | |
| Title | Consideraciones sobre la constitucionalidad del art. 56 bis de la Ley de Ejecución de Penas Privativas de la Libertad / |
| 260 ## - PUBLICATION, DISTRIBUTION, ETC. (IMPRINT) | |
| Date of publication, distribution, etc | Ciudad Autónoma de Buenos Aires : |
| Place of publication, distribution, etc | Thomson Reuters La Ley, |
| Name of publisher, distributor, etc | 2025. |
| 300 ## - PHYSICAL DESCRIPTION | |
| Extent | p. 215-234 |
| 500 ## - GENERAL NOTE | |
| General note | Cita: AR/DOC/174/2025. |
| 505 ## - FORMATTED CONTENTS NOTE | |
| Formatted contents note | Sumario: I. Introducción. Planteo del problema.— II. La modificación del art. 56 bis.— III. Antecedentes de la reforma.— IV. Tensiones. Reinserción vs. peligrosidad.— V. Jurisprudencia. Antes de la reforma del año 2017.— VI. Jurisprudencia. Tras la reforma del año 2017.— VII. Conclusiones.— VIII. Referencias bibliográficas.— IX. Jurisprudencia citada. |
| 505 ## - FORMATTED CONTENTS NOTE | |
| Title | Si te interesa el texto completo, solicitalo a koha@justierradelfuego.gov.ar |
| 650 #0 - SUBJECT ADDED ENTRY--TOPICAL TERM | |
| 9 (RLIN) | 343 |
| Topical term or geographic name as entry element | DERECHO PENAL |
| 650 #0 - SUBJECT ADDED ENTRY--TOPICAL TERM | |
| 9 (RLIN) | 2208 |
| Topical term or geographic name as entry element | PENA PRIVATIVA DE LA LIBERTAD |
| 650 #0 - SUBJECT ADDED ENTRY--TOPICAL TERM | |
| 9 (RLIN) | 4048 |
| Topical term or geographic name as entry element | CUMPLIMIENTO DE LA PENA |
| 650 #0 - SUBJECT ADDED ENTRY--TOPICAL TERM | |
| 9 (RLIN) | 5662 |
| Topical term or geographic name as entry element | ADOLESCENTES |
| 700 ## - ADDED ENTRY--PERSONAL NAME | |
| 9 (RLIN) | 6524 |
| Personal name | Herrera, Diego H. |
| Función | coautor |
| 773 0# - HOST ITEM ENTRY | |
| Host Biblionumber | 2658 |
| Host Itemnumber | 3164 |
| Title | Revista de derecho penal y criminología. Nº 2 - Marzo 2025 |
| Place, publisher, and date of publication | Ciudad Autónoma de Buenos Aires : Thomson Reuters La Ley, 2017- |
| International Standard Serial Number | 00347914 |
| 942 ## - ADDED ENTRY ELEMENTS (KOHA) | |
| Source of classification or shelving scheme | |
| Koha item type | Analítica Artículo de Revista |
No hay ítems disponibles.
